Guía para el empleo de aditivos en el concreto: ACI-212
I tiakina i:
| Kaituhi rangatōpū: | |
|---|---|
| Hōputu: | Pukapuka |
| Reo: | Pāniora |
| I whakaputaina: |
Ciudad de México
IMCYC
1974
|
| Rangatū: | Nueva Serie IMCYC, 7
|
| Ngā marau: | |
| Ngā Tūtohu: |
Tāpirihia he Tūtohu
Kāore He Tūtohu, Me noho koe te mea tuatahi ki te tūtohu i tēnei pūkete!
|
MARC
| LEADER | 00000nam a2200000 a 4500 | ||
|---|---|---|---|
| 001 | UCU7752 | ||
| 003 | CL-VaPUC | ||
| 008 | 960705e19740000MX |||||||||||||||||spa|d | ||
| 082 | 0 | 4 | |a 666.893 |b INS |2 21 |
| 110 | 2 | |a Instituto Mexicano del Cemento y del Concreto |e author |9 366799 | |
| 245 | 1 | 0 | |a Guía para el empleo de aditivos en el concreto: ACI-212 |
| 300 | |a 83 p | ||
| 942 | |c BK | ||
| 945 | |d 19960705 00:00:00 |a paguirre | ||
| 260 | |a Ciudad de México |b IMCYC |c 1974 | ||
| 650 | 0 | |a Tecnología química |9 263002 | |
| 650 | 0 | |a Hormigones |9 262546 | |
| 650 | 0 | |a Materiales de construcción |9 260197 | |
| 650 | 7 | |a CEMENTOS |2 CL-VaPUC |9 262741 | |
| 583 | |a last modification |c 19960705 00:00:00 |k Rodrigo Vera | ||
| 490 | 0 | |a Nueva Serie IMCYC, 7 | |
| 999 | |c 250332 |d 250330 | ||